| 000 | 00427nam a2200145Ia 4500 | ||
|---|---|---|---|
| 008 | 230312s9999||||xx |||||||||||||| ||und|| | ||
| 020 | _a9781491936160 | ||
| 082 |
_a005.713 _bNAR-K |
||
| 100 | _aRagsdale,T,Cliff | ||
| 245 | 0 | _aSpreadsheet modeling and decision analysis : a practical introduction to management science | |
| 260 |
_bO'Reilly _aUSA _c2017 |
||
| 300 | _a297 | ||
| 650 |
_aComputer _vElectronic Book |
||
| 942 | _cBK | ||
| 999 |
_c17738 _d17738 |
||